000 00324nam a22001457a 4500
008 171215b xxu||||| |||| 00| 0 eng d
020 _a9781269876537
041 _aeng
080 _210 ED
_a330.722.6
082 _a330.722.6 MAT
100 _a61
101 _aKON
245 _aACCOUTING
_cMATTISON.B
942 _2udc
_cBK
999 _c38964
_d38964